¿En realidad se ha racionalizado la condicionalidad del FMI?
שמור ב:
| פורמט: | Texto |
|---|---|
| נושאים: | |
| תגים: |
הוספת תג
אין תגיות, היה/י הראשונ/ה לתייג את הרשומה!
|
MARC
| LEADER | 00000 a a2200000 04500 | ||
|---|---|---|---|
| 001 | 8113 | ||
| 003 | |||
| 040 | |||
| 245 | |a ¿En realidad se ha racionalizado la condicionalidad del FMI? | ||
| 650 | |a FMI | ||
| 650 | |a CONDICIONES DE LA AYUDA | ||
| 650 | |a PRESTAMOS INTERNACIONALES | ||
| 650 | |a PROGRAMA DE FINANCIAMIENTO | ||
| 773 | |g volumen 34, número 15; páginas 244-245 | ||
| 999 | |c 22545 |d 22545 | ||
